LEADER 03138nam a2200421 u 4500 001 000000027603 003 CaOOAMICUS 005 20070907162923.0 008 960117m19702000gw u000 u ger u 035 $a10717506 040 $aIPA$bita$dPUL$dLDB 245 00$aTheologisches Wörterbuch zum Alten Testament /$cin Verbindung mit George W. Anderson ... [et al.] ; herausgegeben von G. Johannes Botterweck und Helmer Ringgren. 260 $aStuttgart :$bW. Kohlhammer,$c1970-2000. 300 $av. <1-10> ;$c25 cm. 500 $aBd. 5: herausgegeben von G. Johannes Botterweck (+), Helmer Ringgren, Heinz-Josef Fabry. Bd. 6-8: begründet von G. Johannes Botterweck und Helmer Ringgren, herausgegeben von Heinz-Josef Fabry und Helmer Ringgren. -- Bd. 9: Aramäisches Wörterbuch /hrsg. von Ingo Kottsieper. -- Bd. 10. Register. Leteraturnachträge. 630 04$aBiblia.$pV.T.$xDizionari.$0(OLS)http://pul/subject/9421 700 1 $aAnderson, George W.$0(OLS)http://pul/name/22552 700 1 $aBotterweck, Johannes.$0(OLS)http://pul/name/22553 700 1 $aKottsieper, Ingo.$0(OLS)http://pul/name/53140 700 1 $aFabry, Heinz-Josef.$0(OLS)http://pul/name/22555 700 1 $aRinggren, Helmer,$d1917-$0(OLS)http://pul/name/22554 850 $aPUL 852 $aPUL$W1$xSL Religione 1$y3$m1(6) O 1-8$j38417$nBK-PRI$b $qStampati$B38417$CPULBib$Z2$F38417 $H $81 852 $aPUL$W1$xSL Religione 1$y3$m1(6) O 1-8$j38417$nBK-PRI$b $qStampati$B38418$CPULBib$Z2$F38418 $H $81 852 $aPUL$W1$xSL Religione 1$y3$m1(6) O 1-8$j38417$nBK-PRI$b $qStampati$B38419$CPULBib$Z2$F38419 $H $81 852 $aPUL$W1$xSL Religione 1$y3$m1(6) O 1-8$j38417$nBK-PRI$b $qStampati$B38420$CPULBib$Z2$F38420 $H $81 852 $aPUL$W1$xSL Religione 1$y3$m1(6) O 1-8$j38417$nBK-PRI$b $qStampati$B38421$CPULBib$Z2$F38421 $H $81 852 $aPUL$W1$xSL Religione 1$y3$m1(6) O 1-8$j38417$nBK-PRI$b $qStampati$B38422$CPULBib$Z2$F38422 $H $81 852 $aPUL$W1$xSL Religione 1$y3$m1(6) O 1-8$j38417$nBK-PRI$b $qStampati$B38423$CPULBib$Z2$F38423 $H $81 852 $aPUL$W1$xSL Religione 1$y3$m1(6) O 1-8$j38417$nBK-PRI$b $qStampati$B38424$CPULBib$Z2$F38424 $H $81 852 $aPUL$W1$xDP1 Fondo Gelio$y54$m3 B 40$j38425$nBK-PRI$b $qFondi$B38425$CPULBib$Z2$F38425 $HPUL111 $81 852 $aPUL$W1$xSL Religione 1$y3$m1(6) O 10$j120828$nBK-PRI$av. 10$qStampati$B120011$CPULBib$Z2$F120011 $H81860 $82 852 $aPUL$W1$xSL Religione 1$y3$m1(6) 0 9,1$j120840$aV.9, lfg.1$qStampati$B120021$CPULBib$Z2$F120021 $H88383 $82 941 1 $a8 941 1 $a1 945 00$aTWAT. 996 $6245$aTheologisches Wörterbuch zum Alten Testament$9(OLS)http://pul/title/37747 996 $6260$aStuttgart :$bW. Kohlhammer$9(OLS)http://pul/publisher/48214 LEADER 01809nam a2200373 a 4500 001 000000104690 003 CaOOAMICUS 005 20070503123519.0 008 070424s2006 it a z000 ubita d 040 $aPUL$bita$dLDB 245 00$aAgostino /$c[a cura di Armando Massarenti]. 246 33$aAgostino di Ippona : vita, pensiero, opere scelte 260 $aMilano :$bIl Sole 24 ore,$c2006. 300 $a617 p. :$bill. ;$c22 cm 490 1 $aI grandi filosofi ;$v4 500 $aSulla copertina: Agostino di Ippona : vita, pensiero, opere scelte. 500 $aComprende testi di: Paola Pettinotti. 504 $aInclude riferimenti bibliografici. 600 04$aAugustinus,$cs., vesc. d'Ippona,$d354-430.$0(OLS)http://pul/subject/758 700 1 $aPettinotti, Paola.$0(OLS)http://pul/name/64297 700 1 $aMassarenti, Armando,$eed.$0(OLS)http://pul/name/64044 700 0 $aAugustinus,$cs., vesc. d'Ippona,$d354-430.$tConfessiones.$0(OLS)http://pul/nameTitle/253$0(OLS)http://pul/name/1290$0(OLS)http://pul/title/1903 740 32$aLe confessioni. 830 2$aI grandi filosofi (Il Sole 24 ore) ;$v4.$0(OLS)http://pul/title/131213 850 $aPUL 852 $aPUL$W1$xSL Filosofia 3$y81$m103 COLL 1.4$j117251$qDDC 21$B117211$CPULBib$Z2$F117211 $H103181 $82 900 $aAgostino,$cs., vesc. d'Ippona,$d354-430$91290 900 $aAgostino, Aurelio,$cs., vesc. d'Ippona$d354-430$91290 941 1 $a9 960 $aAgostino,$cs., vesc. d'Ippona,$d354-430$9758 996 $6740$aLe confessioni$9(OLS)http://pul/title/131677 996 $6245$aAgostino$9(OLS)http://pul/title/131674 996 $6246$aAgostino di Ippona : vita, pensiero, opere scelte$9(OLS)http://pul/title/131675 996 $6260$aMilano :$bIl Sole 24 ore$9(OLS)http://pul/publisher/69212 LEADER 01232nam a2200313 u 4500 001 000000059981 003 CaOOAMICUS 005 20070226120848.0 008 010709s1991 it u000 u ita u 020 $a8838417326 035 $a10896633 040 $aPUL$bita 100 1 $aSignorile, Ettore$b1959-$0(OLS)http://pul/name/23082 245 10$aDiritto canonico :$bintroduzione /$cEttore Signorile. 260 $aCasale Monferrato :$bPiemme,$cc1991. 300 $a173 p. ;$c21 cm 490 1 $aManuali di base ;$v32 490 1 $aTeologia e scienze religiose 504 $aBibliografia in nota. 650 4$aDiritto canonico.$0(OLS)http://pul/subject/1294 830 0$aTeologia e scienze religiose.$0(OLS)http://pul/title/8594 830 0$aManuali di base (Piemme) ;$v32.$0(OLS)http://pul/title/8595 850 $aPUL 852 $aPUL$W1$xSL Religione 1$y3$m57 A 65$j78159$nBK-PRI$b $qStampati$B78159$CPULBib$Z2$F78159 $H $81 941 1 $a8 961 $aINV: 67680 996 $6020$a8838417326$9(OLS)http://pul/number/76767 996 $6245$aDiritto canonico :$bintroduzione$9(OLS)http://pul/title/80226 996 $6260$aCasale Monferrato :$bPiemme$9(OLS)http://pul/publisher/51813